Cities, Towns & Villages of Tokyo (東京都の市町村) - Statistics

General Stats
  • This quiz has been taken 565 times
  • The average score is 21 of 30
Answers on the Map
Answers color-coded by a green-red scale on the quiz's map according to % correct below.
 
Answer Stats
% Correct
八王子市 (Hachiōji)
92%
町田市 (Machida)
84%
立川市 (Tachikawa)
83%
三鷹市 (Mitaka)
81%
西東京市 (Nishi-Tōkyō)
81%
府中市 (Fuchū)
80%
奥多摩町 (Okutama)
80%
調布市 (Chōfu)
78%
国分寺市 (Kokubunji)
78%
武蔵野市 (Musashino)
78%
多摩市 (Tama)
77%
青梅市 (Ōme)
76%
日野市 (Hino)
75%
国立市 (Kunitachi)
75%
東村山市 (Higashi-Murayama)
72%
あきる野市 (Akiruno)
71%
小金井市 (Koganei)
69%
狛江市 (Komae)
69%
檜原村 (Hinohara)
65%
小平市 (Kodaira)
65%
福生市 (Fussa)
64%
武蔵村山市 (Musashi-Murayama)
63%
昭島市 (Akishima)
61%
清瀬市 (Kiyose)
61%
東久留米市 (Higashi-Kurume)
60%
日の出町 (Hinode)
60%
稲城市 (Inagi)
58%
東大和市 (Higashi-Yamato)
55%
瑞穂町 (Mizuho)
55%
羽村市 (Hamura)
52%
No matching quizzes found
Score Distribution
Percent of People with Each Score
Percentile by Number Answered
Your Score History
You have not taken this quiz